000 00741nam a22002177a 4500
005 20100405142453.0
008 100405t xxu||||| |||| 00| 0 eng d
010 _aENG-95962
020 _a9780070148888
_c550.00
035 _aEN-79495
037 _bDBAD/PUB
040 _aDPL
100 _aRajwade, A.V.
245 _aCash and derivatives makets in foreign Exchange
_cby A.V. Rajwade
260 _aNew Delhi
_bTata Mcgraw Hill Education Private Limited
_c2010
270 _a7, West Patel Nagar
_bNew Delhi
_e110008
300 _axxvi, 178p.;
_c23 cm. (Hb)
500 _ainclude index
942 _2ddc
_cEN
_mRAJ
999 _c35079
_d35079